[Event "WchT 5th"]
[Site "Yerevan"]
[Date "2001.10.20"]
[Round "9.1"]
[White "Leko, Peter"]
[Black "Vaganian, Rafael A"]
[Result "0-1"]
[WhiteElo "2739"]
[BlackElo "2650"]
[Annotator "Finkel,A"]
[PlyCount "106"]
[EventDate "2001.10.12"]
[EventType "team-tourn"]
[EventRounds "9"]
[EventCountry "ARM"]
[SourceTitle "CBM 086"]
[Source "ChessBase"]
[SourceDate "2002.02.05"]
[SourceVersion "1"]
[SourceVersionDate "2002.02.05"]
[SourceQuality "1"]
[WhiteTeam "Hungary"]
[BlackTeam "Armenia"]
[WhiteTeamCountry "HUN"]
[BlackTeamCountry "ARM"]

1. e4 e6 2. d4 d5 3. Nc3 Bb4 4. e5 b6 5. a3 Bf8 6. Nf3 Ba6 7. Bxa6 Nxa6 8. Ne2
{As it always happens in this variation-knight goes to f4.} (8. Qe2 Nb8 9. Bg5
Qd7 10. O-O Nc6 11. Nd1 h6 12. Bd2 Nge7 13. Ne3 Ng6 14. g3 Be7 $11 {Pulkkinen,
K-Karner,H/FIN-chT 1994/EXT 98}) (8. h4 Ne7 9. h5 h6 10. Qd3 Nb8 11. Qb5+ Qd7
12. Qxd7+ Kxd7 13. Ne2 c5 14. c3 {1/2-1/2 Martos Exposito,M-Castillo,S/
Barcelona 2000/CBM 77 ext (14)}) (8. Qd3 Nb8 9. Ne2 Qd7 (9... c5 10. c4 Ne7 11.
O-O Nbc6 12. Bg5 Rb8 13. dxc5 bxc5 14. Rfd1 $14 {Zhelnin,V-Skomorokhin,R/
Sumperk 1990/EXT 97}) 10. O-O Ne7 11. Ng3 h5 12. Bg5 Ng6 13. c4 c6 14. Rac1 $14
{Rytshagov,M-Kiik,K/Tallinn 2000/CBM 75 ext}) (8. O-O Ne7 9. Ne2 c5 10. Nf4 Qd7
11. c3 Nc6 12. b4 Nc7 13. bxc5 bxc5 14. Nh5 $1 Na5 15. dxc5 $36 {Tischbierek,
R-Teske,H/Leipzig 1988/CBM 07}) 8... Qd7 9. O-O c6 (9... c5 10. c3 Ne7 11. Qd3
Nb8 12. Ng5 Ng6 $2 13. f4 $16 {Bakre,T-Gokhale,J/Calcutta 1996/CBM 50 ext}) 10.
Nf4 Be7 11. Qd3 Nc7 12. Bd2 (12. b3 h5 13. c4 O-O-O 14. Bb2 g5 15. Ne2 Nh6 16.
Rac1 Kb7 $13) 12... h5 13. Rac1 O-O-O 14. c4 Kb7 15. Rc3 {Increasing the
pressure over the c-file.} (15. c5 g5 16. Ne2 (16. cxb6 axb6 17. Ne2 g4 18. Ne1
f6 19. exf6 Nxf6 $132) 16... g4 17. Ne1 bxc5 18. dxc5 f6 $13) 15... dxc4 16.
Rxc4 Nd5 17. Rfc1 Rc8 18. b4 ({Another promising plan was} 18. Nxd5 $5 Qxd5 19.
Bb4 Bxb4 20. axb4 Ne7 21. Ng5 $14 {[%cal Gg5e4,Ge4d6]}) 18... Nxf4 19. Bxf4 Qd5
20. Nd2 (20. a4 Nh6 21. Bxh6 gxh6 22. b5 c5 23. Qc3 Rcd8 24. a5 $36) 20... g5
21. Be3 Nh6 22. Ne4 Ng4 {[%cal Gg4e5]} 23. Qc2 (23. Nc3 Qd7 24. Qe4 f5 25. exf6
Nxf6 $13) 23... f5 24. exf6 Nxf6 25. Nxf6 Bxf6 26. a4 $1 {Finally starting an
actions on the queenside.} (26. Qg6 $2 Qf5 27. Qxf5 (27. Qf7+ $4 {[%csl Rf7]}
Rc7) 27... exf5 28. f3 Rhe8 $15) 26... Rc7 27. b5 Rhc8 28. a5 $1 {Very strong
attacking move increasing the pressure on the position of black king.} (28. Qg6
Bd8 (28... Qf5 $2 29. bxc6+ Rxc6 30. Qf7+ R8c7 31. Qxc7+ Rxc7 32. Rxc7+ Ka6 33.
h3 $14) 29. Qxh5 (29. Rxc6 Rxc6 30. Rxc6 Rxc6 31. bxc6+ Qxc6 32. Qxh5 Qxa4 33.
h3 a5 $15) 29... cxb5 30. Rxc7+ Rxc7 31. Rxc7+ Kxc7 (31... Bxc7 32. axb5 Qxb5
$13) 32. axb5 Qxb5 33. h4 $13) 28... bxa5 (28... Qxb5 $2 29. axb6 axb6 30. Rb1
Qd5 31. Rc5 Qd7 (31... Qd6 32. Rxb6+ Kxb6 33. Qb3+ Ka6 34. Qa4+ Kb7 35. Qb4+
Ka8 36. Ra5+ Ra7 37. Rxa7+ Kxa7 38. Qxd6 $18) 32. Rxb6+ Kxb6 33. Qb3+ Ka6 34.
Rc2 $18 {[%cal Gc2a2]}) 29. Rc5 Qd7 30. bxc6+ $2 {Losing all advantage. After
correct} (30. Rb1 $1 Ka8 (30... cxb5 31. Rcxb5+ Ka8 32. Qb3 Qe8 33. d5 $40) 31.
b6 Rb7 32. Rxa5 $36 {[%csl Rg5] black would have hard time defending this
position.}) 30... Rxc6 31. Qa4 Bd8 32. Rd1 (32. Bxg5 Bb6 33. Rxc6 Rxc6 34. Rd1
Qd5 35. Be3 $13) 32... Rd6 33. Qxd7+ Rxd7 34. Rb1+ Bb6 35. Rxa5 $6 ({More
logical looks} 35. Rxg5 Rd5 36. Rxd5 exd5 37. h3 Ka6 38. g4 hxg4 39. hxg4 a4
$13 {with mutual chanses.}) 35... Rd5 36. Rxd5 exd5 37. Bxg5 a5 38. Kf1 (38.
Be3 Ka6 39. Kf1 a4 40. Ke2) 38... Ka6 39. Ke2 Rg8 40. h4 Bxd4 41. Kd3 $2 {
Painfull blunder leading to a lost position. After logical} (41. Rd1 Bb2 (41...
Re8+ 42. Kf3 Re4 43. Be3 Bxe3 44. fxe3 Rxh4 45. Rxd5 a4 46. e4 $11) 42. Rxd5 a4
43. Bd2 a3 44. Rxh5 Rxg2 45. Bb4 $11 {draw is inevitable.}) 41... Bxf2 $17 42.
Rf1 Bb6 43. Rf5 $6 d4 44. Rf6 Rc8 $1 {[%cal Ga5a1]} 45. Bd2 a4 46. g4 $2 (46.
Rf1 $5) 46... hxg4 47. Rg6 a3 $19 48. Rxg4 Kb5 49. h5 a2 50. Rg1 Ka4 51. h6 Kb3
52. h7 Rh8 53. Rg6 Bc5 0-1

[Event "Bermuda-B"]
[Site "Bermuda"]
[Date "2002.01.22"]
[Round "2"]
[White "De Vreugt, Dennis"]
[Black "Kallio, Heikki"]
[Result "1-0"]
[WhiteElo "2446"]
[BlackElo "2522"]
[Annotator "Finkel,A"]
[PlyCount "87"]
[EventDate "2002.01.21"]
[EventType "tourn"]
[EventRounds "9"]
[EventCountry "BER"]
[EventCategory "8"]
[SourceTitle "CBM 088"]
[Source "ChessBase"]
[SourceDate "2002.03.21"]
[SourceVersion "1"]
[SourceVersionDate "2002.03.21"]
[SourceQuality "1"]

1. e4 e6 2. d4 d5 3. Nc3 Bb4 4. e5 b6 5. a3 Bf8 6. h4 $5 (6. Qg4 Qd7 7. Be3 Ba6
8. Bxa6 Nxa6 9. Nge2 Ne7 10. Ng3 g6 11. Bg5 Bg7 12. O-O h6 13. Bf6 $5 $36 {
Mnatsakanian,E-Shashin,B/Yerevan 1965/MCL}) (6. b4 $5 c5 7. Rb1 (7. bxc5 bxc5
8. Nf3 Ne7 9. dxc5 Nec6 10. Be3 Be7 11. Nb5 O-O $13 {Velimirovic,D-Dizdar,G/
Sarajevo 1984/MCD}) 7... Nc6 8. Bb5 Bd7 9. bxc5 bxc5 10. Nf3 Nxd4 11. Nxd4 cxd4
12. Qxd4 Ne7 13. O-O Nc6 14. Qf4 Be7 15. Qg3 $14 {Timman,J-Spiridonov,N/Sochi
1973/MCL}) 6... Qd7 (6... h5 7. Nce2 Qd7 8. Ng3 g6 9. Nf3 c5 10. c3 Ba6 11.
Bxa6 Nxa6 12. O-O $14 {Minasian,A-Oganessiats,E/Yerevan 1996/CBM 52 ext}) (6...
Ne7 7. h5 h6 8. Nce2 Ba6 9. c3 c5 10. f4 Qd7 11. Nf3 Nbc6 12. g4 Na5 13. Ng3
Bxf1 14. Rxf1 $14 {Macieja,B-Shtyrenkov,V/Katowice 1993/EXT 98}) (6... Ba6 7.
Bxa6 Nxa6 8. h5 Qd7 9. Qe2 Nb8 10. Nf3 h6 11. Bf4 Ne7 12. Nd1 Qa4 13. b4 a6 14.
O-O $14 {Borkowski,F-Ostrowski,L/Gdynia 1986/EXT 2001}) 7. h5 h6 8. f4 $6 {
This move is just not in the place in the following position!} (8. Nf3 Ba6 9.
Bxa6 Nxa6 10. Qd3 Nb8 11. Ne2 Ne7 12. Bd2 Nbc6 13. Nh4 Na5 14. Bxa5 bxa5 15. g4
$14 {Dolmatov,S-Alekseev,A/Naberezhnie Chelni 1988/TD}) (8. Nge2 Ba6 9. g4 c5
10. f4 Nc6 11. Bg2 Rc8 12. Be3 cxd4 13. Nxd4 Bc5 $13 {Bitoon,R-Nadera,B/Manila
1997/EXT 98}) 8... c5 9. Nf3 Ne7 10. Be3 Nf5 11. Bf2 Nc6 $5 {Aiming for more
than equaity after} (11... cxd4 12. Nxd4 (12. Nb5 $6 Ne3 13. Bxe3 dxe3 14. Nbd4
Ba6 15. Bxa6 Nxa6 16. Qd3 Nc5 $15) 12... Nxd4 13. Bxd4 Ba6 14. Bxa6 Nxa6 15.
Qe2 Nc5 $11) 12. Bb5 a6 13. Bd3 cxd4 $6 {Permitting white to equalize, while
after} (13... Ncxd4 $1 14. Nxd4 cxd4 15. Ne2 Ne3 16. Bxe3 dxe3 17. Rh3 Bc5 $15
{black is clearly better.}) 14. Na4 $1 Rb8 15. Bxf5 b5 (15... exf5 $6 16. Nxd4
Nxd4 17. Qxd4 $14) 16. Nb6 $5 Rxb6 17. Bh3 Qc7 18. O-O Be7 19. Nxd4 Nxd4 20.
Bxd4 Rc6 21. c3 $14 {Now white may look into the future with optimizm!} Bc5 22.
Bg4 O-O 23. Be2 f6 (23... Bd7 24. Bxc5 Rxc5 25. Qd4 Rc8 26. Rad1 $14) 24. Bxc5
Rxc5 25. exf6 Rxf6 (25... gxf6) 26. Qd4 $1 Bd7 27. Rae1 Qd6 28. Bd3 $1 {
Bishop finally arrives to the place where it's supposed to be!} Rc8 29. Re5 a5
30. f5 (30. g3 $5) 30... Qc6 (30... Rb8 31. Rfe1 b4 32. axb4 axb4 33. c4 $16)
31. fxe6 Rxf1+ 32. Bxf1 Bxe6 33. Bxb5 $5 $16 {[%csl Re6]} Qxb5 34. Rxe6 Rf8 $2
{After this move white easily wins the game.} ({Black had to try} 34... Qxb2 $1
35. Qxd5 (35. Re7 Qxc3 36. Rxg7+ Kh8 $11) 35... Kh8 36. Rxh6+ $5 gxh6 37. Qd4+
Kg8 38. Qg4+ Kf7 39. Qxc8 Qxa3 $14) 35. Re7 $18 Rf6 36. Kh2 Kh8 37. Qe5 Qf1 (
37... Qxb2 38. Re8+ Kh7 39. Qxd5 $18 {[%cal Gd5g8,Gd5e4]}) 38. Re8+ Rf8 (38...
Kh7 39. Qb8 Qf4+ 40. Qxf4 Rxf4 41. Re5 Rf2 42. Rxd5 $18) 39. Rxf8+ Qxf8 40. b4
a4 41. Qxd5 Qf4+ 42. g3 Qf2+ 43. Qg2 Qf5 44. Qe2 1-0

[Event "UKR-ch"]
[Site "Ordzhonikidze"]
[Date "2001.09.10"]
[Round "3"]
[White "Firman, Nazar"]
[Black "Nosenko, Alexander"]
[Result "1-0"]
[WhiteElo "2511"]
[BlackElo "2436"]
[Annotator "Finkel,A"]
[PlyCount "81"]
[EventDate "2001.09.08"]
[EventType "swiss"]
[EventRounds "9"]
[EventCountry "UKR"]
[SourceTitle "CBM 086"]
[Source "ChessBase"]
[SourceDate "2002.02.05"]
[SourceVersion "1"]
[SourceVersionDate "2002.02.05"]
[SourceQuality "1"]

1. e4 e6 2. d4 d5 3. Nc3 Bb4 4. e5 b6 5. a3 Bf8 6. f4 Ne7 7. Be3 (7. Nf3 Qd7 8.
Bd3 Ba6 9. O-O Bxd3 10. Qxd3 h5 11. Nd1 Nf5 12. Ne3 $14 {Goliak-Ismanov/URS/
1958/}) 7... Nf5 (7... h5 8. Nf3 a5 (8... Qd7 9. Bf2 Nf5 (9... Ba6 10. Bxa6
Nxa6 11. Qe2 Nb8 12. g3 Nbc6 13. h3 Ng6 14. Be3 Nce7 15. O-O-O Nf5 $132 {
Lanc,A-Mokry,K/Trnava 1985/MCD}) 10. Bd3 Ba6 11. Bxa6 Nxa6 12. Qd3 Nb8 13. Ne2
c5 14. b3 Nc6 15. c3 Rc8 $11 {Zuidema,C-Andersson,U/Wijk aan Zee 1973/MCD}) 9.
Be2 Ba6 10. O-O Nf5 11. Qd2 a4 12. Bxa6 Rxa6 13. Ne2 Nc6 14. Ng3 Nxg3 15. hxg3
g6 $13 {Candela Perez,J-Vaganian,R/Oviedo 1992/TD}) (7... Qd7 8. Nf3 Ba6 (8...
Nbc6 9. Bf2 Bb7 10. Bd3 $10 (10. Bb5 $5) 10... O-O-O 11. b4 f6 12. Ne2 Kb8 13.
c3 h6 14. h4 h5 15. Nc1 Nf5 16. Nb3 Nh6 17. a4 $16 {Kavalek,L-Bronstein,D/
Amsterdam 1968}) 9. Bxa6 Nxa6 10. Qe2 Nb8 11. O-O-O Nbc6 12. g4 O-O-O 13. Rhf1
h6 14. h4 g6 15. Qd3 Na5 16. Kb1 Kb8 17. Ne2 Rc8 $132 {Sharapov,E-Alekseev,V/
Alushta 1999/EXT 2000}) (7... Ba6 8. Bxa6 Nxa6 9. Nf3 Nf5 10. Bf2 h5 11. Ne2 (
11. Qd3 Nb8 12. Nd1 c5 13. c3 c4 14. Qc2 Be7 15. Ne3 g6 16. g3 Nc6 17. h3 Kd7
18. Ke2 $14 {Diaz,J-Psakhis,L/Cienfuegos 1983/MCD}) 11... Qd7 12. Ng3 Be7 13.
Nxf5 exf5 14. Qd3 Nb8 15. O-O O-O 16. Rfe1 Nc6 17. c4 g6 $13 {Lanc,A-Tibensky,
R/Pila 1992/EXT 97}) 8. Bf2 c6 $6 {Slightly passive continuation.It looks more
loogical to secure position of the knight on f5 with h5:} (8... h5 9. g3 Ba6
10. Bxa6 Nxa6 11. Qd3 Nb8 12. Nf3 Qd7 13. O-O-O c5 14. h3 Nc6 $13 {Berg,
G-Luchan,J/Nassau 1992/EXT 97}) 9. Nf3 Ba6 10. Bxa6 Nxa6 11. g4 Ne7 12. Qd3 Nc7
13. f5 $5 {Interesting decision leading to quiet unclear position.} exf5 (13...
h5 $5 14. fxe6 (14. f6 gxf6 15. exf6 Ng6 16. g5 Bd6 17. O-O-O Qd7 $132) 14...
fxe6 15. Rg1 hxg4 16. Rxg4 Qd7 17. O-O-O O-O-O 18. Ne2 $14) 14. gxf5 Qc8 (14...
Qd7 15. f6 (15. Nh4 g5 16. Nf3 Qxf5 17. Qxf5 Nxf5 18. Nxg5 Ne6 19. Nf3 O-O-O
$11) 15... gxf6 16. O-O-O $44) 15. f6 $1 gxf6 16. O-O-O Bh6+ 17. Kb1 f5 $2 {
An only chanse to call white's idea into question was} (17... fxe5 18. Nxe5 f6
19. Nf3 Qd7 20. Bh4 O-O 21. Rhg1+ Kh8 $13 {with complicated struggle.}) 18. Bh4
$1 Ng6 19. Bf6 Rg8 20. Rhg1 $1 {[%csl Rf5][%cal Gf3h4,Gh4f5] Now black is
nearly parallised and white wins back a paw on e5.} Ne6 (20... Qe6 21. Nh4 f4
22. Nf5 Bf8 23. h4 $16) 21. Ne2 (21. Qxf5 Nef4 22. Qxc8+ Rxc8 23. Ng5 Bxg5 24.
Rxg5 $14) 21... Kd7 $5 {[%cal Gd7c7,Gc8d7]} 22. Qxf5 Kc7 23. Qh5 {[%csl Rh6,
Rh7]} Qf8 (23... Be3 24. Rg3 h6 25. Nh4 $14) 24. Ng5 Bxg5 25. Bxg5 Rc8 26. Rdf1
$16 Kb8 27. Qxh7 {Some players would prefer} (27. Bf6 $5 h6 28. Rg3 c5 29. c3
cxd4 30. Nxd4 Nxd4 31. cxd4 $16) 27... Rg7 (27... Nxe5 $2 28. dxe5 Nxg5 29.
Rxg5 $1 Rxg5 30. Rxf7 $18 {[%cal Gf7b7]}) 28. Qh5 Qg8 29. h4 c5 30. Qf3 {
[%csl Rd5] Finding another weakness in black's camp.} (30. c3 $5) 30... Nxg5
31. hxg5 cxd4 32. Nxd4 {[%csl Rg7,Rg8]} Nxe5 33. Qf4 $5 (33. Qxd5 Rxg5 34.
Qxe5+ $1 Rxe5 35. Rxg8 Rxg8 36. Nc6+ $18) 33... f6 34. Nf3 $1 {[%cal Gg5f6]}
Rc4 35. Qh2 Kb7 (35... Rh7 36. gxf6 $18 {[%cal Gg1g8]}) 36. gxf6 Ng4 37. Ne5 $1
Rcc7 38. Rxg4 Rxg4 39. Nxg4 Qxg4 40. Qxc7+ Kxc7 41. f7 1-0

[Event "Pamplona"]
[Site "Pamplona"]
[Date "2003.12.21"]
[Round "2"]
[White "Nakamura, Hikaru"]
[Black "Romero Holmes, Alfonso"]
[Result "0-1"]
[WhiteElo "2565"]
[BlackElo "2544"]
[Annotator "Finkel,A"]
[PlyCount "120"]
[EventDate "2003.12.20"]
[EventType "tourn"]
[EventRounds "7"]
[EventCountry "ESP"]
[EventCategory "15"]
[SourceTitle "CBM 099"]
[Source "ChessBase"]
[SourceDate "2004.03.30"]
[SourceVersion "1"]
[SourceVersionDate "2004.03.30"]
[SourceQuality "1"]

1. e4 e6 2. d4 d5 3. Nc3 Bb4 4. e5 Ne7 5. a3 Bxc3+ 6. bxc3 b6 7. Qg4 Ng6 8. a4
$6 {[%csl Ra4] Saying that white lost the game because of this move would be
just a too strong statement, but I have no doubts that this move is less
accurate than 8.h4. The first of all, a tempo could very precious and secondly,
the white pawn on a4 is quite vulnerable, so I see no point in creating
another weakness at such an early stage.} (8. h4) 8... Ba6 (8... O-O 9. Nf3 Ba6
10. Bxa6 Nxa6 11. h4 f5 12. exf6 Qxf6 13. h5 Ne7 14. h6 g6 15. O-O $14 {
Kovacevic,A-Kajganovic,M/Vrnjacka Banja 1998}) 9. Bxa6 (9. h4 h5 10. Qg3 Bxf1
11. Kxf1 Nc6 12. Ne2 Qd7 13. Nf4 Nce7 14. Nxg6 Nxg6 15. Bg5 c5 $13 {Wegener,
M-Hund,G/Dortmund 2001}) 9... Nxa6 10. Qe2 Nb8 11. Nf3 Nc6 12. h4 h5 13. Ng5 (
13. Bg5 Qd7 14. O-O Na5 15. Nd2 Ne7 16. Bxe7 Qxe7 17. Nf3 O-O 18. Ng5 g6 $15 {
Zucchelli,M-Prang,E/Arco 1999}) 13... Nge7 14. Nh3 Ng6 15. Bg5 (15. g3 Na5 16.
O-O Nc4 17. f4 Ne7 $15) 15... Qd7 16. O-O Nce7 17. c4 (17. Bxe7 Nxe7 18. Ng5
Nf5 19. g3 a5 20. Rfd1 Qc6 $13) 17... Nf5 18. Rfd1 Nfxh4 19. cxd5 exd5 20. c4
$6 {White insists on keeping the bishop on the board, even though it's hardly
stronger than any of black knights. More logical was} (20. Bxh4 Nxh4 21. c4 Ng6
22. cxd5 Qxd5 23. a5 $44 {with good compensation for the pawn.}) 20... Nf5 21.
cxd5 Qxd5 22. Qc2 Qd7 23. Rac1 O-O 24. Qxc7 Qxa4 25. d5 $2 {I don't know
whether this move is a blunder or a result of a wrong evaluation of the
arising position (even though the first option seems to be more likely), but
in any case white finds himself in deep troubles after it.} (25. Ra1 Qb5 26.
Qb7 $1 {[%cal Gb7f3]} (26. Rxa7 Qe2 27. Rd2 Qe1+ 28. Kh2 Rxa7 29. Qxa7 Nxd4 30.
Qxb6 Ne6 $15) 26... Rfe8 27. Rxa7 (27. Qf3 $6 Qd7 28. Qxh5 Nxd4 29. Be3 Rxe5
30. Ng5 Rd5 $17) 27... Rxa7 28. Qxa7 Qd5 $15) 25... Rac8 $1 $19 26. Qxc8 Rxc8
27. Rxc8+ Kh7 28. Rcc1 (28. Re1 Nxe5 29. Rxe5 Qa1+ $19) 28... Nxe5 29. d6 f6 {
Black wants to take no chances. More accurate was} (29... a5 $1) 30. Bf4 Nd7
31. Ra1 Qc6 32. Rdc1 Nc5 33. Rxa7 Nxd6 34. Be3 Nf5 35. Bxc5 bxc5 36. Ra5 Nh4
37. Nf4 ({Unfortunately for white} 37. f3 {loses to} Nxf3+ 38. gxf3 Qc7 $19)
37... Qe4 38. Raxc5 Qxf4 39. R1c4 Nf3+ 40. gxf3 Qxf3 {The rest is a very easy
technical job.} 41. Rc3 Qd1+ 42. Kg2 Qg4+ 43. Kh2 g5 44. Re3 Kg6 45. Rc6 Qf4+
46. Kg1 g4 47. Rc8 h4 48. Rec3 Qd4 49. R8c4 Qd1+ 50. Kh2 Kg5 51. Rc5+ f5 52.
Rc1 Qf3 53. R5c2 Qd3 54. Rc3 Qd4 55. R3c2 Qe5+ 56. Kh1 Qe4+ 57. Kg1 h3 58. f4+
Qxf4 59. Rf1 Qe3+ 60. Kh2 Qe5+ 0-1

[Event "Dos Hermanas-B"]
[Site "Dos Hermanas"]
[Date "2001.04.26"]
[Round "8"]
[White "Teran Alvarez, Ismael"]
[Black "Oms Pallisse, Josep"]
[Result "1-0"]
[WhiteElo "2382"]
[BlackElo "2427"]
[Annotator "Finkel,A"]
[PlyCount "55"]
[EventDate "2001.04.19"]
[EventType "tourn"]
[EventRounds "9"]
[EventCountry "ESP"]
[EventCategory "9"]
[SourceTitle "CBM 083"]
[Source "ChessBase"]
[SourceDate "2001.07.05"]
[SourceVersion "1"]
[SourceVersionDate "2001.07.05"]
[SourceQuality "1"]

1. e4 e6 2. d4 d5 3. Nc3 Bb4 4. e5 b6 5. a3 Bf8 6. f4 Ne7 7. Nf3 Qd7 (7... Ba6
8. Bxa6 Nxa6 9. Qd3 Nb8 10. O-O h5 11. Ne2 Nbc6 12. b4 Qd7 13. Bd2 Nf5 14. Rfb1
$14 {Bjornsson,T-Arnason,J/Kopavogur 1994}) (7... h5 8. Bb5+ c6 9. Ba4 Ba6 10.
Ne2 Bb5 11. Bxb5 cxb5 12. Qd3 a6 13. Bd2 Nbc6 14. Bb4 Qd7 $13 {Bakre,T-Kruppa,
Y/White Nights Men 2000}) 8. Be3 a5 (8... Ba6 9. Bxa6 Nxa6 10. Qe2 Nb8 11.
O-O-O Nbc6 12. g4 O-O-O 13. Rhf1 h6 14. h4 g6 15. Qd3 $14 {Sharapov,E-Alekseev,
V/It 1999}) (8... Nf5 9. Bf2 h5 10. g3 Be7 11. Qd2 Ba6 12. Bxa6 Nxa6 13. O-O-O
O-O-O 14. h3 $14 {Kemper,M-Prang,E/NRW-Cup Masters op 1997}) (8... h5 9. Bf2
Ba6 10. Bxa6 Nxa6 11. Qd3 Nb8 12. O-O-O Nbc6 13. h3 Ng6 $13 {Bednarska,
M-Koutsin,S/Police op 1993}) 9. Bf2 (9. Bd3 Ba6 10. O-O Nf5 11. Bf2 h5 12. Bxa6
Nxa6 13. Qd3 c5 14. Qb5 $11) 9... h5 {Securing squear f5 for the knight.} 10.
Bd3 Ba6 11. O-O Bxd3 12. Qxd3 $14 Nf5 13. Ne2 (13. g3 $6 c5 14. dxc5 Bxc5 15.
Nb5 Bxf2+ 16. Rxf2 Nc6 $13) 13... Nc6 (13... c5 14. c4 dxc4 15. Qxc4 b5 (15...
Nxd4 16. Nexd4 cxd4 17. Rac1 $5 $14) 16. Qc3 c4 17. a4 $14 {[%csl Rc4]}) 14.
Rac1 $1 {[%cal Gc2c4]} b5 $5 (14... Nce7 15. g3 c6 16. h3 $14 {[%cal Gg1g2,
Gg3g4]}) 15. g3 (15. Qxb5 $6 Nxe5 16. Qxd7+ Nxd7 17. c4 c6 18. Rc2 Bd6 $13)
15... a4 16. h3 Na5 17. Kg2 Nh6 (17... Nc4 18. Rb1 Be7 19. g4 Nh6 20. Kg3 c6
$13) 18. Rh1 f5 $5 19. exf6 gxf6 20. Nh4 f5 $4 (20... Nc4 $1 {[%cal Gc4d6,
Gd6e4]} 21. Rb1 (21. Ng6 Rg8 22. Nxf8 Kxf8 23. Qc3 Nd6 24. Qf3 Qf7 $132) 21...
Rg8 22. Rhe1 c6 23. Nc3 $5 $14 {[%csl Re6,Rh5][%cal Gd3e2]}) 21. Ng6 Rg8 22.
Ne5 $1 $18 {[%csl Rb5]} Qc8 23. Qxb5+ c6 24. Qd3 $1 {[%csl Rh5]} (24. Qxa4 $6
Nc4 25. Qxc6+ Qxc6 26. Nxc6 Nxb2 $16) 24... Nf7 (24... h4 25. Qf3 hxg3 26. Qh5+
Kd8 27. Bxg3 $18 {[%cal Gg2f2,Gg3h4]}) 25. Qf3 Nxe5 26. fxe5 h4 $6 (26... Rh8
$8 27. Nf4 Nc4 28. Nxh5 $18) 27. Qh5+ Kd8 28. Qf7 $1 1-0

[Event "Olympiad-36"]
[Site "Mallorca"]
[Date "2004.10.18"]
[Round "4"]
[White "Mosquera, Miguel"]
[Black "Rozentalis, Eduardas"]
[Result "1-0"]
[WhiteElo "2394"]
[BlackElo "2595"]
[Annotator "Finkel,A"]
[PlyCount "75"]
[EventDate "2004.10.15"]
[EventType "team-swiss"]
[EventRounds "14"]
[EventCountry "ESP"]
[SourceTitle "CBM 104"]
[Source "ChessBase"]
[SourceDate "2005.01.27"]
[SourceVersion "1"]
[SourceVersionDate "2005.01.27"]
[SourceQuality "1"]
[WhiteTeam "Columbia"]
[BlackTeam "Lithuania"]
[WhiteTeamCountry "COL"]
[BlackTeamCountry "LTU"]

1. e4 e6 2. d4 d5 3. Nc3 Bb4 4. e5 Ne7 5. Bd2 $5 {Not a very popular
continuation, however quite poisonous one.} (5. a3) 5... Nf5 6. Bd3 Nc6 (6...
Nxd4 $2 7. Qg4 $1) 7. Nf3 h5 $6 {The Lithunian grandmaster is trying to
complicate the position hoping to outplay his less experienced opponent, but
white doesn't get confused and with very simple and logical moves manages to
sieze the initiative and get control of the game.} (7... f6 8. O-O O-O 9. Ne2
Bxd2 10. Qxd2 fxe5 11. dxe5 Bd7 12. Rfe1 Qe7 13. Nf4 Nh4 14. Nxh4 Qxh4 15. g3
Qg5 16. Qe3 $14 {Friedrich,N-Maier,C/Germany 1995}) (7... O-O 8. Ne2 Nh4 9.
Nxh4 Qxh4 10. c3 Be7 11. Ng1 Bg5 12. Nf3 Bxd2+ 13. Qxd2 Qh5 14. O-O-O $14 {
Krabbe,W-Kirwald,F/corr 1998}) 8. Ne2 $1 $14 Be7 (8... Bxd2+ 9. Qxd2 Nh4 10.
Nxh4 Qxh4 11. c3 Bd7 12. g3 Qe7 13. h4 $14) 9. Bxf5 exf5 10. h4 {Sequring
square f4 for the knight and intending to trade the bishops on g5 later on.} b6
$6 {The bishop has absolutely nothing to do on a6, so it was better to develop
it on e6.} (10... Be6 11. Bg5 Qd7 12. Bxe7 Nxe7 13. Qd2 $14) 11. Nf4 Ba6 {
[%csl Ra6]} 12. c3 Qd7 13. Qc2 O-O-O 14. O-O-O Rde8 (14... Kb8 {[%cal Gc6d8,
Gd8e6,Gd8c8]}) 15. Rhe1 {Preparing an advance of the e-pawn.} Nd8 16. g3 Kb7
17. Re3 ({Serious attention deserved} 17. e6 $5 fxe6 18. Ne5 Qc8 19. Neg6 Rhg8
20. Nxe7 Rxe7 21. Nxd5 $16 {with formidable advantage.}) 17... Ne6 $6 {Giving
up a pawn is hardly a good idea, but the thing is black is deprived of any
counterplay so his desire to get some is understandable.} (17... g6 18. e6 Nxe6
19. Ne5 Qc8 20. Nxd5 $16) 18. Qxf5 Qa4 19. Nxd5 Qxa2 20. Nxe7 Rxe7 21. Qb1 Qc4
(21... Qb3 22. Qc2 Bc4 23. Be1 Rd8 24. Nd2 Qxc2+ 25. Kxc2 Bd5 26. f3 a5 27. Bf2
$16) 22. b3 Qc6 23. c4 Rd8 24. Bc3 $18 {[%cal Gd4d5] White is not just a pawn
up, but his pieces are perfectly placed in the center, which means he has the
decisive advantage.} Qe8 25. d5 Red7 26. Rde1 Nc5 27. Nd4 Ka8 28. Qa2 Bb7 29.
b4 Ne6 (29... Na6 30. e6 fxe6 31. Nxe6 $18) 30. dxe6 Rxd4 31. Bxd4 Rxd4 32.
exf7 Qxf7 33. e6 Qe7 34. Rd1 Re4 35. Rd7 Qxe6 36. Rd8+ Bc8 37. Rxc8+ Kb7 38.
Rxc7+ 1-0